000 00273nam a2200121Ia 4500
008 240624s9999 xx 000 0 und d
041 _aeng
082 _a610 GOS
100 _aGOSWAMI AMIT
245 _aQUANTUM DOCTOR
260 _c2011
_aMumbai
_bJaico Book
365 _cRS
999 _c30778
_d30778